Star Wars Battlefront II Story Missions - Statistics

General Stats
  • This quiz has been taken 3 times
  • The average score is 3 of 18
Answer Stats
Map Answer % Correct
Coruscant Knightfall
100%
Kashyyyk A Line in the Sand
33%
Polis Massa Birth of the Rebellion
33%
Naboo Imperial Diplomacy
33%
Hoth Our Finest Hour
33%
Death Star Prison Break
33%
Mustafar Tying Up Loose Ends
33%
Coruscant (Space) A Desperate Rescue
0%
Mygeeto Amongst the Ruins
0%
Geonosis Attack of the Clones
0%
Kamino Changing of the Guard
0%
Kashyyyk (Space) First Line of Defence
0%
Felucia Heart of Darkness
0%
Mustafar (Space) Preventative Measures
0%
Tantive IV Recovering the Plans
0%
Yavin IV Revenge of the Empire
0%
Utapau Underground Ambush
0%
Yavin IV (Space) Vader's Fist Strikes Back
0%
No matching quizzes found
Score Distribution
Percent of People with Each Score
Percentile by Number Answered
Your Score History
You have not taken this quiz